Financial market spillovers in transition economies

Uložené v:
Podrobná bibliografia
Hlavný autor: Gelos, Gaston
Ďalší autori: Sahay, Ratna
Médium: Kniha
Jazyk:English
Vydavateľské údaje: Washington International Monetary Fund 2000
Edícia:IMF Working Paper WP/00/71
Predmet:
Tagy: Pridať tag
Žiadne tagy, Buďte prvý, kto otaguje tento záznam!

MARC

LEADER 00000nam a2200000 4500
001 c124217
005 20221221082345.9
041 0 |a eng 
044 |a US 
245 1 0 |a Financial market spillovers in transition economies  |c Gaston Gelos and Ratna Sahay 
264 1 |a Washington  |b International Monetary Fund  |c 2000 
300 |a 58s. 
490 1 |a IMF Working Paper  |v WP/00/71 
830 0 |a IMF Working Paper  |v WP/00/71 
610 2 0 |a trh finančný 
610 2 0 |a transformácia 
610 2 0 |a SVE 
610 2 0 |a Ázia 
610 2 0 |a Rusko 
100 1 |a Gelos, Gaston 
700 1 |a Sahay, Ratna